000 00447cam a2200145 4500500
005 20260201142213.0
041 _afre
042 _adc
100 1 0 _aLittle, Roger
_eauthor
245 0 0 _aCroquis et Haïkus maliens
260 _c2005.
500 _a46
786 0 _nPrésence Africaine | 172 | 2 | 2005-06-01 | p. 83-91 | 0032-7638
856 4 1 _uhttps://shs.cairn.info/revue-presence-africaine-2005-2-page-83?lang=fr&redirect-ssocas=7080
999 _c1642807
_d1642807